Europäische Entdecker - Statistiken

Allgemein
  • Dieses Quiz wurde 191 mal gespielt
  • Das Durchschnittsergebnis liegt bei 8 aus 16
Antwortstatistiken
Bildquiz Hint Antwort % Korrekt
Italien / Karibik / 1451-1506 Christoph Kolumbus
94%
Vereinigtes Königreich / Hawaii, Neuseeland / 1728-1779 James Cook
80%
Russland / 1. Mensch im Weltraum / 1934-1968 Juri Gagarin
80%
Portugal / Seeweg nach Indien / um 1469-1524 Vasco da Gama
78%
Portugal / 1. Weltumsegelung / um 1480-1521 Ferdinand Magellan
75%
Italien / große Teile Asiens / um 1254-1324 Marco Polo
74%
Norwegen / Südpol / 1872-1928 Roald Amundsen
63%
Island / Amerika / um 975-1020 Leif Eriksson
53%
Deutschland / Orinoco-Gebiet / 1769-1859 Alexander von Humboldt
51%
Spanien / nordwestl. Südamerika (Inka-Reich) / um 1478-1541 Francisco Pizarro
40%
Italien / Küste Südamerikas / 1451-1512 Amerigo Vespucci
38%
Dänemark / Ostküste Russlands, Westküste Alaskas / 1681-1741 Vitus Bering
38%
Schweiz / 1. Ballonflug um die Welt / * 1958 Bertrand Piccard
14%
Niederlande / Spitzbergen, Bäreninsel / um 1550-1597 Willem Barents
13%
Frankreich / Sankt-Lorenz-Strom / 1491-1557 Jacques Cartier
7%
Portugal / Afrikanische Atlantikküste / um 1450-1500 Bartolomeu Dias
5%
Keine übereinstimmenden Quizze gefunden
Verteilung der Resultate
Anzahl Personen mit jedem Resultat
Perzentil nach korrekt beantworteten Fragen
Ihre Resultats-Entwicklung
Sie haben dieses Quiz noch nicht gespielt